Social Organization and Social Rehabilitation of Invalids

Bibliographic Details
Main Author: Jesenský, Ján, 1931-2009 (Author)
Format: Book
Language:English
PhysicalDescription:52, [3] s., [8] s. obr. príl. 8°
Published: Prague Horizont 1989
ISBN:8085098016
Subjects:

MARC

LEADER 00000nam a2200000 a 4500
001 vtls001338726
003 SK-MaSNL
005 20260301114533.0
008 240315s1989 xr 0 eng
020 |a 8085098016 
035 |a SNK000291767 
040 |a SNK  |b slo  |c SNK  |e AACR2 
041 0 |a eng 
044 |a CZ 
080 |a 362.4  |2 1981 
100 1 |a Jesenský, Ján,  |d 1931-2009  |4 aut  |9 191241 
245 1 |a Social Organization and Social Rehabilitation of Invalids  |c Ján Jesenský ; the Czech orig. transl. by Ruth Tománková 
260 |a Prague  |b Horizont  |c 1989 
300 |a 52, [3] s., [8] s. obr. príl.  |c 8° 
500 |a Vyd. Svaz invalidů. Praha 
650 0 7 |a osoby telesne postihnuté  |x rehabilitácia sociálna  |x brožúry  |2 SNK  |9 458158 
919 |a 80-85098-01-6 
958 |a RK 
958 |a OND 
999 |c 718813  |d 720743 
952 |t P60, <03>, [BOOK], {603}  |a SNK  |b SNK  |y PREZ  |7 0  |o snkSD 61728  |i snkKIP 263/90  |0 0  |1 0  |4 0  |d 1998-08-06  |l 0  |r 2005-01-02 00:00:00  |w 2026-02-23 
952 |t P60, <04>, [BOOK], {604}  |a SNK  |b SNK  |y VYP  |7 0  |p 17A0452503  |o snkSD 61728 D1  |i snkKIP 264/90  |0 0  |1 0  |4 0  |d 1998-08-06  |l 0  |r 2005-01-02 00:00:00  |w 2026-02-23